| 000 | 00972cam a2200193 4500 | ||
|---|---|---|---|
| 001 | ABS66521 | ||
| 008 | 030327n2003 000 0 eng u | ||
| 035 | _a(Sirsi) u121761 | ||
| 100 | _aHarding, C. | ||
| 245 | 2 | _aA paradise for parasites | |
| 260 | _c2003 | ||
| 490 |
_aBuilding _v21 March 2003, 37(1) |
||
| 520 | _aCriticises the government's approach to the PFI process which has seen complex and adversarial guidelines created to deter all but the largest businesses from involvement. Argues that the principle of PFI is fine but the negotiation and delivery mechanisms are not straightforward enough. For example, London Underground's PPP bids have cost £300m so far with the cost to the client running at £833 000 a week. Questions why the National Audit Office has not investigated some of this excess spending. | ||
| 590 | _aABS | ||
| 650 | _aPFI | ||
| 650 | _aSMALL FIRMS | ||
| 690 | _aMANAGEMENT-BUSINESS MANAGEMENT-FINANCIAL MANAGEMENT | ||
| 942 | _n0 | ||
| 999 |
_c72365 _d72365 |
||